The Revelation of Chandodarshana: (Record no. 188847)

MARC details
000 -LEADER
fixed length control field 00590nam a22001817a 4500
005 - DATE AND TIME OF LATEST TRANSACTION
control field 20220606152223.0
010 ## - LCCN (DPL NO)
LC control number ENG-133008
020 ## - INTERNATIONAL STANDARD BOOK NUMBER
International Standard Book Number 978-81-7994-176-8
Terms of availability 300.00
035 ## - SYSTEM CONTROL NUMBER
System control number EN-116540
037 ## - SOURCE OF ACQUISITION
Source of stock number/acquisition DBAD/PUB
082 ## - DEWEY DECIMAL CLASSIFICATION NUMBER
Classification number 220.21
100 ## - MAIN ENTRY--PERSONAL NAME
Personal name Sharma, Vedashrava
245 ## - TITLE STATEMENT
Title The Revelation of Chandodarshana:
Remainder of title The life of Brahmarshi Daivarata/
Statement of responsibility, etc Vedashrava Sharma
260 ## - PUBLICATION, DISTRIBUTION, ETC. (IMPRINT)
Place of publication, distribution, etc Bengaluru
Name of publisher, distributor, etc Sakshi Publication
Date of publication, distribution, etc 2018
270 ## - ADDRESS
Address # 63, 13th Main, 4th Block LEast, Jayanagar
City Bengaluru
Postal code 560011
300 ## - PHYSICAL DESCRIPTION
Extent 180p.
Dimensions 22cm(pbk)
942 ## - ADDED ENTRY ELEMENTS (KOHA)
Source of classification or shelving scheme Dewey Decimal Classification
Item type English Books
Classification part 220.21
Call number suffix SHA
Holdings
Withdrawn status Lost status Not for loan Collection code Home library Current library Date acquired Source of acquisition Cost, normal purchase price Full call number Barcode Copy number Cost, replacement price Koha item type
      Non-fiction Bawana Bawana 06/06/2022 DBAD/PUB 300.00 220.21 SHA EN-116540 1 300.00 English Books

© Delhi Public Library
Hit Counter
free hit counter